Toxic mould - the issues! (Record no. 75165)

MARC details
000 -LEADER
fixed length control field 01042cab a2200193 4500
001 - CONTROL NUMBER
control field L129548
008 - FIXED-LENGTH DATA ELEMENTS--GENERAL INFORMATION
fixed length control field 050428n2005 000 0 eng u
035 ## - SYSTEM CONTROL NUMBER
System control number (Sirsi) u129548
041 ## - LANGUAGE CODE
Language code of text/sound track or separate title eng
100 ## - MAIN ENTRY--PERSONAL NAME
Personal name Hunter, Colin
245 ## - TITLE STATEMENT
Title Toxic mould - the issues!
260 ## - PUBLICATION, DISTRIBUTION, ETC.
Date of publication, distribution, etc. 2005
490 ## - SERIES STATEMENT
Series statement Property Care
Volume/sequential designation (13) Spring 2005, 9-10(2)
520 ## - SUMMARY, ETC.
Summary, etc. Examines the effect of toxic mould and its remediation strategies. Concludes that the mould is present in the UK and that adverse health effects are linked to it, but it is not as serious as some have commented. Toxic mould occurs in properties with a lot of moisture present and is therefore most common in buildings with sustained flooding or water damage from internal burst water pipes. The Centre for Research in Indoor Climate and Health offers an extensive advice and research services to a range of clients about this problem.
590 ## - LOCAL NOTE (RLIN)
Local note IKA290405
650 ## - SUBJECT ADDED ENTRY--TOPICAL TERM
Topical term or geographic name entry element STACHYBOTRYS CHARTARUM
690 ## - LOCAL SUBJECT ADDED ENTRY--TOPICAL TERM (OCLC, RLIN)
Topical term or geographic name as entry element MANAGEMENT-HEALTH AND SAFETY-HAZARDOUS SUBSTANCES-TOXIC MOULD
942 ## - ADDED ENTRY ELEMENTS (KOHA)
Suppress in OPAC 0
Holdings
Withdrawn status Lost status Source of classification or shelving scheme Damaged status Not for loan Home library Current library Shelving location Date acquired Total Checkouts Full call number Barcode Date last seen Copy number Price effective from Koha item type
    Dewey Decimal Classification     London London Journal article 28/04/2005   L129548 129548-1001 06/08/2019 1 06/08/2019 Journal article